000 00495nam a2200193Ia 4500
008 240510s9999 xx 000 0 und d
020 _a0001556155980
041 _aEng
082 _a005.4476
082 _bW35
100 _a(by Microsoft)
245 0 _aWINDOWS NT RESOURCE GUIDE : MS WINDOWS NT RESOURCE KIT: VOL 1 OF 3
260 _bWASHINGTON : MICROSOFT
260 _c1993
300 _a985 p.
650 _aWINDOWS NT : NETWORK OPERATING SYSTEMS
942 _2ddc
942 _cRBK
999 _c26381
_d26381
945 _a1
_bMadushi Gamage
_c1
_dMadushi Gamage